00281pab a2200085 454500008003600000100002300036245006800059650003400127773003400161180718b xxu||||| |||| 00| 0 eng d aDandekar, Kumudini aThe aged, their problems and social intervention in Maharashtra aOld Age - India - Maharashtra aEconomic and Political Weekly